000 01993cam a2200529 cc4500
001 1820566625
003 DE-627
005 20260324163759.0
007 tu
008 221102s2023 gw ||||| 6 00| ||ger c
015 _a22,N44
_2dnb
016 7 _a1271380234
_2DE-101
020 _a9783551623614
_c : (Softcover : EUR 10.00 (DE), EUR 10.30 (AT), CHF 14.90 (freier Preis))
020 _a3551623619
024 3 _a9783551623614
035 _a(DE-627)1820566625
035 _a(DE-599)DNB1271380234
035 _a(OCoLC)1390438301
040 _aDE-627
_bger
_cDE-627
_erda
041 _ager
_hjpn
044 _cXA-DE-HH
082 0 4 _a741.5
_qDE-101
084 _aZm
_2asb
084 _aZAL
_2ssd
084 _aComic
_2sfb
084 _aR 70
_2kab
100 0 _aTokuotsumu
_eVerfasserIn
_0(DE-588)1293413313
_0(DE-627)1850739374
_4aut
245 1 0 _aWenn die Blüten Trauer tragen
_n1
_cTokuwotsumu ; aus dem Japanischen von Christina Rinnerthaler
250 _a1. Aufl.
264 1 _aHamburg
_bHAYABUSA
_c2023
300 _a176 Seiten
_c21 cm x 14.5 cm
_e1 Postkarte
336 _aText
_btxt
_2rdacontent
336 _aunbewegtes Bild
_bsti
_2rdacontent
337 _aohne Hilfsmittel zu benutzen
_bn
_2rdamedia
338 _aBand
_bnc
_2rdacarrier
490 0 _aGirls Love
583 1 _aArchivierung/Langzeitarchivierung gewährleistet
_c2023
_fPEHH
_2pdager
_5DE-18
655 7 _aComic
_0(DE-588)4010427-8
_0(DE-627)104377402
_0(DE-576)208887989
_2gnd-content
700 1 _aRinnerthaler, Christina
_eÜbersetzerIn
_4trl
710 2 _aCarlsen Verlag
_eVerlag
_0(DE-588)2036434-9
_0(DE-627)10257796X
_0(DE-576)191872857
_4pbl
773 1 8 _w(DE-627)1852669969
_g1
_q1
_7nnam
776 1 _z9783646728910
776 0 8 _iErscheint auch als
_nOnline-Ausgabe
_z9783646728910
856 4 2 _uhttp://deposit.dnb.de/cgi-bin/dokserv?id=e85c9f06d86949e8b33a2dffed0429de&prov=M&dok_var=1&dok_ext=htm
_mX:MVB
_qtext/html
_v2022-11-02
_3Inhaltstext
_71
942 _2ddc
_cMGA
_n0
951 _aMV
999 _c1538
_d1538